000 00549nam a2200181 4500
001 124101
003 ES-MaACL
005 20230906192325.0
007 t|
008 070214s1968 sp r ||||1| spa d
100 1 _aRapatz, F.
_995450
245 1 0 _aMateriales siderúrgicos /
_cF. Rapatz, F. Roll ; traducción de Alfredo Díaz Beltrán.
260 _aBilbao :
_bUrmo,
_c1968.
300 _a256 p., 8 lám. :
_bil. ;
_c17 cm.
700 1 _aRoll, F.
_999166
700 1 _aDíaz Beltrán, Alfredo.
_944181
852 _aES-MaACL
_jC-53571
_bR.72417
999 _c124101
_d124101